Deutsches Fußballquiz für Experten - Statistiken

Allgemein
  • Dieses Quiz wurde 175 mal gespielt
  • Das Durchschnittsergebnis liegt bei 10 aus 20
Antwortstatistiken
Hinweis Verein Tipps % Korrekt
Die zwei Anfangssilben der Stadt werden gerne mit dem Wort "Vize" ausgetauscht. Bayer 04 Leverkusen
90%
Der einzige Verein, der die Bundesliga genau drei Mal gewinnen konnte. VfB Stuttgart TIPP: Letztmals 2007.
82%
Deutscher Meister 2009. VfL Wolfsburg
79%
Der Verein, der am öftesten aus der Bundesliga abgestiegen ist. 1.FC Nürnberg
75%
Der Verein, der erstmals zweimal in Folge die Bundeliga gewinnen konnte. Borussia Mönchengladbach
69%
Der Verein, der in einer Saison am meisten Gegentore bekam. Tasmania Berlin
66%
Jetziger Drittligist, der Bundesliga-Gründungsmitglied war und (heute) die Farbe Weiß nicht im Logo hat. 1.FC Saarbrücken TIPP: Der Verein schaffte es 2019/20 als Regionalligist bis ins DFB-Pokal Halbfinale.
64%
Der Verein, dessen Erzrivale in den Jahren 1995 und 1996 die deutsche Meisterschaft errang. FC Schalke 04
53%
Der Verein trägt die Vereinsfarben Grün-Weiß und kommt aus dem nördlichsten Bundesland, das noch nie einen Bundesligist hervorgebracht hat. VfB Lübeck
53%
Der Verein, der mit den wenigsten Toren die deutsche Meisterschaft gewann. Eintracht Braunschweig TIPP: Der Verein hatte zeitweise das Jägermeister-Logo im Vereinswappen.
52%
Der Verein, der die letzte deutsche Meisterschaft vor Gründung der Bundesliga gewinnen konnte. Borussia Dortmund Danach erstmals wieder im letzten Jahrzehnt des 20. Jahrhunderts.
48%
Der Verein, der in der DDR-Oberliga, die zweitmeisten Titel erringen konnte. Dynamo Dresden TIPP: Der Verein war keine Betriebssportgemeinschaft.
42%
Die Stadt, die es als einzige schaffte, mit zwei verschiedenen Vereinen, inzwei Jahren hintereinander Meister zu werden. Karlsruhe TIPP: Ein Nachfolgerverein von einer der beiden Mannschaften ist eng mit der alten Dame befreundet.(Es wird eine Stadt gesucht)
39%
Der (Ost-)Verein trug früher schon einmal die Bezeichnung des gesuchten Vereins in der Zeile oben drüber, heißt jetzt aber (wieder) anders. VfB/Lok Leipzig TIPP: Erster deutscher Meister jemals.
38%
Der Verein stieg 2014/15 in die Bundesliga auf, war aber vor längerer Zeit auch zuvorschon mehrere Saisons in der Bundesliga. SV Darmstadt 98
29%
Der erste Verein der zweimal in Folge deutscher Meister wurde und nicht aus Franken kommt. Hertha BSC TIPP: "Für die Farben, die wir tragen, Blau-Weiß!"
20%
Verein, der im Jahr des Ersten deutschen WM-Titels deutscher Meister wurde. Hannover 96 TIPP: Die Elf wird, bzw. wurde, auch als "die Rothemden" bezeichnet.
18%
Der Verein trug ehemals das Wort "Chemie" im Namen. Hallescher FC
14%
Die Stutzen des Vereins sind am oberen Ende jede Saison schwarz-weiß gestreift. Hamburger SV
13%
Der Verein mit der ältesten Spielstätte in den ersten drei Ligen. SpVgg Fürth TIPP: Das Stadion hat weniger als 20.000 Plätze.
10%
Keine übereinstimmenden Quizze gefunden
Verteilung der Resultate
Anzahl Personen mit jedem Resultat
Perzentil nach korrekt beantworteten Fragen
Ihre Resultats-Entwicklung
Sie haben dieses Quiz noch nicht gespielt